Marginalia: Aby Warburg, Carl Einstein
שמור ב:
| מחבר ראשי: | |
|---|---|
| פורמט: | ספר |
| שפה: | ספרדית |
| יצא לאור: |
Madrid
Asimétricas
2015
|
| מהדורה: | 1a. ed |
| נושאים: | |
| תגים: |
הוספת תג
אין תגיות, היה/י הראשונ/ה לתייג את הרשומה!
|
MARC
| LEADER | 00000cam a2200000 a 4500 | ||
|---|---|---|---|
| 001 | UCD3833 | ||
| 003 | CL-VaPUC | ||
| 008 | 160616e20150000sp |||||||||||||||||spa|d | ||
| 020 | |a 9788494348792 | ||
| 082 | 0 | 4 | |a 700.1 |b LAH |2 21 |
| 100 | |a Lahuerta Alsina, Juan José |e author |9 559820 | ||
| 245 | 1 | 0 | |a Marginalia: Aby Warburg, Carl Einstein |
| 250 | |a 1a. ed | ||
| 300 | |a 99 p | ||
| 942 | |c BK | ||
| 945 | |d 20160616 22:39:00 |a arojas | ||
| 260 | |a Madrid |b Asimétricas |c 2015 | ||
| 600 | 0 | |a Warburg, Aby Moritz |d 1866-1929 |9 401 | |
| 650 | 0 | |a Crítica de arte |9 334590 | |
| 650 | 0 | |a Filosofía del arte |9 264951 | |
| 650 | 0 | |a Arte |y Siglo 20 |9 267709 | |
| 583 | |a last modification |c 20170518 12:52:18 |k Rodrigo Vera | ||
| 999 | |c 364848 |d 364846 | ||
| 952 | |0 0 |1 0 |3 erb |4 0 |6 700_100000000000000_LAH_2015 |7 0 |8 A |9 478444 |a BIBART |b BIBART |i 5292921 |l 6 |o 700.1 LAH 2015 |p 5292921 |r 2025-03-13 |s 2022-06-03 |w 2019-11-24 |y BK |z Catalogado en:20160616 |k ART | ||